| 000 | 00000nas 2200000za 4500 |
| 001 | 9.802650 |
| 003 | CaOODSP |
| 005 | 20221107135031 |
| 007 | cr ||||||||||| |
| 008 | 150406d20152016bccar p o||||f0 |0eng|d |
| 022 | |y0837-4899 |
| 040 | |aCaOODSP|beng |
| 043 | |an-cn-bc |
| 086 | 1 |aFs142-2E-PDF |
| 245 | 00|aBritish Columbia sport fishing guide |h[electronic resource]. |
| 260 | |a[Vancouver] : |bFisheries and Oceans Canada, Pacific Region |
| 310 | |aAnnual |
| 362 | 1 |a2015-2016. |
| 500 | |aIssued also in French under title: Guide de la pêche sportive de la Colombie-Britannique. |
| 690 | 07|aFishing (Sport)|2gcpds |
| 710 | 1 |aCanada. |bDepartment of Fisheries and Oceans. |
| 775 | 08|tGuide de la pêche sportive de la Colombie-Britannique |w(CaOODSP)9.802651 |
| 776 | 0#|tBritish Columbia sport fishing guide |w(CaOODSP)9.808870 |
| 780 | 00|tBC tidal waters sport fishing guide |w(CaOODSP)9.505768 |